000 00531nam a22001937a 4500
003 GBCCL
005 20251201121953.0
008 180430b ||||| |||| 00| 0 eng d
020 _a8122129188
040 _cgbc
082 _a220.59143
_bBIB
245 _aHoly Bible:
_bIn English and Hindi
250 _aDiglot ed.
260 _aBangalore:
_bBible Society of India,
_c2001
300 _a2375 p.;
_bmap.,
_c25 p.;
650 _aBible
_vEnglish
_xHindi
_910957
650 _aBible
_xEnglish Standard Version
_910958
942 _2ddc
_cREF
999 _c6084
_d6084